All football teams to play in the champions league since 2000 - Statistics

General Stats
  • This quiz has been taken 36 times
    32 since last reset
  • The average score is 75 of 135
Answer Stats
Answer % Correct
England Manchester City
88%
Netherlands Ajax
84%
Spain Atletico Madrid
84%
Germany Bayern Munich
84%
Portugal Benfica
84%
England Manchester United
84%
France Marseille
84%
Netherlands PSV
84%
Belgium Anderlecht
80%
England Arsenal
80%
England Aston Villa
80%
Spain Barcelona
80%
Scotland Celtic
80%
Denmark Copenhagen
80%
Netherlands Feyenoord
80%
Portugal Porto
80%
France PSG
80%
Spain Real Madrid
80%
Italy Atalanta
76%
England Chelsea
76%
Germany Dortmund
76%
Turkey Galatasaray
76%
Italy Inter
76%
Italy Lazio
76%
England Liverpool
76%
Scotland Rangers
76%
Italy Roma
76%
Switzerland Basel
72%
Ukraine Dynamo Kyiv
72%
Turkey Fenerbahce
72%
Italy Juventus
72%
France Lyon
72%
Italy Milan
72%
France Monaco
72%
England Newcastle
72%
Greece Olympiacos
72%
France Rennes
72%
Austria Salzburg
72%
Portugal Sporting
72%
Spain Valencia
72%
Germany Wolfsburg
72%
Switzerland Young Boys
72%
France Bordeaux
68%
Belgium Club brugge
68%
Russia CSKA Moscow
68%
Italy Napoli
68%
England Tottenham
68%
Belgium Antwerp
64%
Turkey Besiktas
64%
Italy Bologna
64%
Germany Leipzig
64%
France Lille
64%
France Nantes
64%
Spain Real Sociedad
64%
Russia Zenit
64%
Greece AEK Athens
60%
Portugal Braga
60%
Spain Deportivo
60%
Spain Girona
60%
Germany Hamburg
60%
Sweden Malmo
60%
Spain Sevilla
60%
Russia Spartak Moscow
60%
Germany Stuttgart
60%
Spain Villarreal
60%
Cyprus APOEL
56%
Kazakhstan Astana
56%
Netherlands AZ Alkmaar
56%
France Brest
56%
Italy Fiorentina
56%
Belgium Gent
56%
France Lens
56%
Germany Leverkusen
56%
Germany Werder Bremen
56%
Spain Celta Vigo
52%
Croatia Dinamo Zagreb
52%
Germany Frankfurt
52%
Belgium Genk
52%
Israel Maccabi Tel-Aviv
52%
Spain Malaga
52%
Greece Panathinaikos
52%
Germany Schalke
52%
Netherlands Twente
52%
Hungary Ferencvaros
48%
Russia Krasnodar
48%
Russia Lokomotiv Moscow
48%
Germany Monchengladbach
48%
France Montpellier
48%
Serbia Partizan
48%
Spain Real Betis
48%
Ukraine Shakhtar Donetsk
48%
Slovakia Slovan Bratislava
48%
Austria Sturm Graz
48%
Turkey Trabzonspor
48%
Denmark Aalborg
44%
Austria Austria Wien
44%
Portugal Boavista
44%
Serbia Crvena Zvezda
44%
Romania FCSB
44%
Germany Hoffenheim
44%
Bulgaria Ludogorets
44%
Israel Maccabi Haifa
44%
Czechia Sparta Praha
44%
Germany Union Berlin
44%
France Auxerre
40%
England Leeds
40%
Poland Legia Warsaw
40%
Slovenia Maribor
40%
Czechia Plzen
40%
Azerbaijan Qarabag
40%
Austria Rapid Wien
40%
Moldova Sheriff
40%
Czechia Slavia Praha
40%
Switzerland Zurich
40%
Belarus BATE Borisov
36%
Denmark Midtjylland
36%
Norway Rosenborg
36%
Germany Hertha Berlin
32%
Belgium Standard
32%
Israel Hapoel Tel-Aviv
28%
Turkey Istanbul Basaksehir
28%
Russia Rostov
28%
Italy Udinese
28%
Hungary Debrecen
24%
Russia Rubin Kazan
24%
Slovakia Zilina
24%
Cyprus Anorthosis
20%
Turkey Bursaspor
20%
Romania CFR Cluj
20%
Denmark Nordsjaelland
16%
Switzerland Thun
12%
Slovakia Petrzalka
8%
Bulgaria Levsi sofia
4%
Romania Otelul
4%
Romania Unirea Urziceni
4%
No matching quizzes found
Score Distribution
Percent of People with Each Score
Percentile by Number Answered
Your Score History
You have not taken this quiz since the last reset